00988cam a22002654a 450000500170000000800410001702000150005802000180007304000500009104100080014124501390014926000610028830000400034949000310038950400410042065000370046165000320049865000210053065000300055165000380058165100350061970000220065470000230067670000230069920140903175105.0140604s2009 fr ab frb 000 0 fre c a2753508321 a9782753508323 aCO-BoUCMbspacJose A. GerenadJose A. Gerena0 afre04aLes empires atlantiques des Lumières au libéralismectextos de Federica Morelli, Clément Thibaud et Geneviève Verdob1763-1865 aRennes (Francia)bPresses universitaires de Rennesc2009 a286 páginasbilustraciones, mapas1 aEnquêtes & documentsv38 aIncluye referencias bibliográficas 7aFederalismoxHistoriazAmérica 7aHistoriazAmerica del Norte 7aHistoriazEuropa 7aHistoriazAmerica del Sur 7aImperialismoxHistoriazAmérica 4aAméricaxHistoriaz1763-18651 aMorelli, Federica1 aThibaud, Clément1 aVerdo, Geneviève